The Google story / (Record no. 35332)

MARC details
000 -LEADER
fixed length control field 02390nam a22003734a 4500
005 - DATE AND TIME OF LATEST TRANSACTION
control field 20100419140032.0
008 - FIXED-LENGTH DATA ELEMENTS--GENERAL INFORMATION
fixed length control field 090227s2008 nyua 001 0 eng
010 ## - LCCN (DPL NO)
LC control number B-362923-929
020 ## - INTERNATIONAL STANDARD BOOK NUMBER
International Standard Book Number 9780330508124
Terms of availability 295.00
035 ## - SYSTEM CONTROL NUMBER
System control number B-362923-929
037 ## - SOURCE OF ACQUISITION
Source of stock number/acquisition Pansy books
040 ## - CATALOGING SOURCE
Original cataloging agency dpl
Language of cataloging English
082 ## - DEWEY DECIMAL CLASSIFICATION NUMBER
Classification number 338.76102504
100 ## - MAIN ENTRY--PERSONAL NAME
Personal name Vise, David A.
245 ## - TITLE STATEMENT
Title The Google story /
Statement of responsibility, etc by David A. Vise with Mark Malseed
260 ## - PUBLICATION, DISTRIBUTION, ETC. (IMPRINT)
Place of publication, distribution, etc London
Name of publisher, distributor, etc Pan Macmillan
Date of publication, distribution, etc 2005
270 ## - ADDRESS
Address 20, New Wharf Road,
City London
300 ## - PHYSICAL DESCRIPTION
Extent xvii, 330 p. :
Other physical details ill. ;
Dimensions 24 cm(pbk)
500 ## - GENERAL NOTE
General note "For Google's 10th birthday."
500 ## - GENERAL NOTE
General note Includes index.
610 ## - SUBJECT ADDED ENTRY--CORPORATE NAME
Corporate name or jurisdiction name as entry element Google (Firm)
650 ## - SUBJECT ADDED ENTRY--TOPICAL TERM
Topical term or geographic name as entry element Browsers (Computer programs)
650 ## - SUBJECT ADDED ENTRY--TOPICAL TERM
Topical term or geographic name as entry element Entrepreneurship
Geographic subdivision United States.
700 ## - ADDED ENTRY--PERSONAL NAME
Personal name Malseed, Mark
942 ## - ADDED ENTRY ELEMENTS (KOHA)
Source of classification or shelving scheme Dewey Decimal Classification
Item type Bengali Books
Classification part 338.76102504
Call number suffix DAV
Holdings
Withdrawn status Lost status Source of classification or shelving scheme Damaged status Not for loan Collection code Home library Current library Date acquired Source of acquisition Cost, normal purchase price Total Checkouts Full call number Barcode Date last seen Copy number Cost, replacement price Koha item type Public note Total Renewals
Withdrawn   Dewey Decimal Classification     Non-fiction Central Library Central Library 19/04/2010 Pansy Books/947/5.11.09/129/16.10.09/5.11.09 295.00   338.76102504 DAV B-362923 19/04/2010 1 295.00 English Books    
  Written-off vide DLB M. No. 383 dt 16.05.19 Dewey Decimal Classification     Non-fiction Janak Puri Janak Puri 19/04/2010 Pansy Books/947/5.11.09/129/16.10.09/5.11.09 295.00 1 338.76102504 DAV B-362925 28/06/2018 1 295.00 English Books    
  Written-off vide DLB M. No. 383 dt 16.05.19 Dewey Decimal Classification     Non-fiction Karol Bagh Karol Bagh 19/04/2010 Pansy Books/947/5.11.09/129/16.10.09/5.11.09 295.00   338.76102504 DAV B-362928 19/04/2010 1 295.00 English Books    
    Dewey Decimal Classification     Non-fiction Patel Nagar Patel Nagar 19/04/2010 Pansy Books/947/5.11.09/129/16.10.09/5.11.09 295.00   338.76102504 DAV B-362924 19/04/2010 1 295.00 English Books    
    Dewey Decimal Classification     Non-fiction Sarojini Nagar Sarojini Nagar 19/04/2010 Pansy Books/947/5.11.09/129/16.10.09/5.11.09 295.00   338.76102504 DAV B-362926 19/04/2010 1 295.00 English Books Withdrawal List Prepared List No:- 119/23  
    Dewey Decimal Classification     Non-fiction Shahdara Branch Shahdara Branch 19/04/2010 Pansy Books/947/5.11.09/129/16.10.09/5.11.09 295.00   338.76102504 DAV B-362929 19/04/2010 1 295.00 English Books    
    Dewey Decimal Classification     Non-fiction Vinoba Puri Vinoba Puri 19/04/2010 Pansy Books/947/5.11.09/129/16.10.09/5.11.09 295.00 23 338.76102504 DAV B-362927 24/02/2014 1 295.00 English Books   2

© Delhi Public Library
Hit Counter
free hit counter